Statistics for Texas Interstates

Click here to take the quiz!

General Stats

  • This quiz has been taken 130 times
    (107 since last reset)
  • The average score is 15 of 23

Answer Stats

Answer% Correct
I-35
97%
I-10
96%
I-2
95%
I-45
94%
I-20
92%
I-40
86%
I-30
83%
I-69
72%
I-27
68%
I-37
68%
I-635
64%
I-14
62%
I-410
62%
I-610
60%
I-44
58%
I-35E
53%
I-35W
53%
I-820
53%
I-110
46%
I-69C
44%
I-69E
44%
I-69W
42%
I-345
35%

Score Distribution

Percentile by Number Answered

Percent of People with Each Score

Your Score History

You have not taken this quiz since the last reset